000 00732nam a2200265Ia 4500
003 OSt
005 20221006160132.0
006 a|||||r|||| 00| 0
007 ta
008 221006b |||||||| |||| 00| 0 eng d
020 _a9781565912526
_cW38,000
024 _a44,398
037 _bGift, KCC (Window on Korea)
_cTextual
040 _aEASL
_cEASL
_beng
041 _2eng
_aeng
082 _aNA495, P7
100 _aKYUNG Sim woo
_9672050
245 0 _aKorean traditional landscape architecture
260 _aSeoul
_bHollym
_c2007
300 _a472p.
_ccm.
490 _v KEL
650 _aKEL
942 _hNA495, P7
_cTEXL
_2CC
999 _c1112490
_d1112490